000 00760nam a2200253Ia 4500
008 170203s9999 xx 000 0 und d
020 _a9789715696906
050 _aFic
050 _b.H893l 1994
100 _aCruz, Neni Sta. Romana
245 4 _aThe teacher /
245 _cNeni Sta. Romana Cruz ; illustrated by Mheri-Anne Andes.
260 _aMakati City :
260 _bThe Bookmark, Inc.
260 _c1994
300 _a16 unnumbered pages :
300 _billustrations (colored) ;
300 _c26 cm.
440 _aModern heroes for the Filipino youth.
650 _aFernandez, Doreen Gamboa, 1934 - 2002 --
650 _aTeachers -- Philippines -- Biography --
650 _xJuvenile fiction.
650 _xJuvenile fiction.
999 _c306190
_d306190